VIOLENCE IN AMERICA: HISTORICAL AND COMPARATIVE PERSPECTIVES / (Record no. 617011)

000 -LEADER
fixed length control field 00458nam a22001457a 4500
020 ## - INTERNATIONAL STANDARD BOOK NUMBER
Qualifying information PB.
040 ## - CATALOGING SOURCE
Transcribing agency Fizza Ishaq
082 ## - DEWEY DECIMAL CLASSIFICATION NUMBER
Classification number 301.633
Author Mark HUG
100 ## - MAIN ENTRY--PERSONAL NAME
Personal name Graham, Davis Hugh.
9 (RLIN) 134081
245 ## - TITLE STATEMENT
Title VIOLENCE IN AMERICA: HISTORICAL AND COMPARATIVE PERSPECTIVES /
Statement of responsibility, etc. Hugh Davis Graham.
250 ## - EDITION STATEMENT
Edition statement Vol. 1
260 ## - PUBLICATION, DISTRIBUTION, ETC.
Name of publisher, distributor, etc. National Commission on the Causes and Prevention of Violence,
Date of publication, distribution, etc. 1969.
300 ## - PHYSICAL DESCRIPTION
Extent 301 p, ;
Dimensions 5.8 x 9 x .7 inches
942 ## - ADDED ENTRY ELEMENTS (KOHA)
Source of classification or shelving scheme
Koha item type Book
Holdings
Withdrawn status Lost status Source of classification or shelving scheme Damaged status Not for loan Permanent Location Current Location Shelving location Date acquired Total Checkouts Full call number Barcode Date last seen Price effective from Koha item type
          NUST Baluchistan Campus (NBC) NUST Baluchistan Campus (NBC) General Stacks 04/13/2026   301.633 HUG QD-344 04/13/2026 04/13/2026 Book
© 2023 Central Library, National University of Sciences and Technology. All Rights Reserved.